Panggilan Kristen dalam pembaharuan masjarakat; (Record no. 85884)

MARC details
000 -LEADER
fixed length control field 00730cam a22002291 4500
001 - CONTROL NUMBER
control field sa 68014570
003 - CONTROL NUMBER IDENTIFIER
control field DLC
005 - DATE AND TIME OF LATEST TRANSACTION
control field 20260227112633.0
008 - FIXED-LENGTH DATA ELEMENTS--GENERAL INFORMATION
fixed length control field 890527s1968 io 000 0 ind
010 ## - LIBRARY OF CONGRESS CONTROL NUMBER
LC control number sa 68014570
025 ## - OVERSEAS ACQUISITION NUMBER
Overseas acquisition number PLO480:Indo-7549
035 ## - SYSTEM CONTROL NUMBER
System control number (OCoLC)19773426
040 ## - CATALOGING SOURCE
Original cataloging agency DLC
Transcribing agency CU
Modifying agency CU
-- DLC
042 ## - AUTHENTICATION CODE
Authentication code premarc
050 00 - LIBRARY OF CONGRESS CALL NUMBER
Classification number HN39.I53
Item number K65 1967
111 2# - MAIN ENTRY--MEETING NAME
Meeting name or jurisdiction name as entry element Konperensi Gereja dan Masyarakat
Date of meeting or treaty signing (1967 :
Location of meeting Salatiga)
245 10 - TITLE STATEMENT
Title Panggilan Kristen dalam pembaharuan masjarakat;
Remainder of title laporan, disusun dibawah redaksi S.A.E. Nababan.
260 ## - PUBLICATION, DISTRIBUTION, ETC.
Place of publication, distribution, etc. Djakarta,
Name of publisher, distributor, etc. Badan Penerbit Kristen
Date of publication, distribution, etc. [1968]
300 ## - PHYSICAL DESCRIPTION
Extent 136 p.
Dimensions 21 cm.
650 #0 - SUBJECT ADDED ENTRY--TOPICAL TERM
Topical term or geographic name entry element Church and social problems
Geographic subdivision Indonesia.
700 1# - ADDED ENTRY--PERSONAL NAME
Personal name Nababan, Soritua A. E.

No items available.

Powered by Koha